000 00507nam a22002057a 4500
005 20260515114855.0
008 201204b ||||| |||| 00| 0 eng d
020 _a9789327228281
040 _aIN-DiNC
_cIN-DiNC
041 _deng
082 _a332.46
_bPAU
100 _aPaul, R R
_eauthor
245 _aMonetary economics/
_cby R R Paul
250 _a10th rev. ed.
260 _aLudhiana:
_bKalyani publishers,
_c2013
300 _a229D
650 _aEconomics
650 _aMoney
942 _2ddc
_cBK
999 _c11090
_d11090